Kak idut za rubežom privatizacionnyje processy.
Programy zmenšenia štátneho sektora sa začali v 70.-80. rokoch realizovať v rôznych rozvinutých i rozvojových krajinách. Vymedzenie tých všeobecných princípov, aplikácia ktorých môže byť užitočná i pre RF. Význam privatizácie pre vyspelé trhové ekonomiky a predpoklady jej úspešnosti. Výsledky privat...
Gespeichert in:
| 1. Verfasser: | |
|---|---|
| Format: | Buchkapitel |
| Sprache: | Russisch |
| Schlagworte: | |
| Tags: |
Keine Tags, Fügen Sie das erste Tag hinzu!
|
MARC
| LEADER | 00000naa a2200000 4500 | ||
|---|---|---|---|
| 001 | r010388 | ||
| 005 | 20221130113208.9 | ||
| 041 | 0 | |a rus | |
| 044 | |a [SU] | ||
| 245 | 1 | 0 | |a Kak idut za rubežom privatizacionnyje processy. |c L. Turusova |
| 520 | |a Programy zmenšenia štátneho sektora sa začali v 70.-80. rokoch realizovať v rôznych rozvinutých i rozvojových krajinách. Vymedzenie tých všeobecných princípov, aplikácia ktorých môže byť užitočná i pre RF. Význam privatizácie pre vyspelé trhové ekonomiky a predpoklady jej úspešnosti. Výsledky privatizácie v rozvojových štátoch. Význam a výsledky privatizácie v postsocialistických systémoch. | ||
| 610 | 2 | 0 | |a privatizácia |
| 610 | 2 | 0 | |a sektor štátny |
| 610 | 2 | 0 | |a svet |
| 610 | 2 | 0 | |a Rusko |
| 610 | 2 | 0 | |a hospodárstvo trhové |
| 610 | 2 | 0 | |a Spoločenstvo nezávislých štátov |
| 100 | 1 | |a Turusova, L. | |